000 00653nam a2200301Ia 4500
005 20260127113208.0
008 008 260114s9999 xx 000 0 eng d
020 _a9780199453726
037 _aTextbook
040 _aPSDL
040 _beng
040 _cPSDL
041 _2eng
041 _aeng
084 _aY:45 Q5
084 _qPSDL
100 _aDas Saitya Brata
_91110746
245 4 _aThe weight of violence
245 0 _cDas Saitya Brata
260 _aNewDelhi
260 _bOxford
260 _c2015
300 _a271
942 _cTB
942 _hY:45 Q5
999 _c1676916
_d1676916